|
|
|
|
| LEADER |
00000nta a2200000 i 4500 |
| 001 |
dolg2517 |
| 005 |
20210316134426.0 |
| 008 |
210316suuuu hu om 000 hun d |
| 040 |
|
|
|a BGE Dolgozattár Repozitórium
|b hun
|
| 041 |
|
|
|a hu
|
| 100 |
1 |
|
|a Pató-Horváth Nikoletta
|
| 245 |
1 |
0 |
|a Magyarországi energiaitalok. A forgalmazók marketingstratégiája a Burn és a Monster piaci részesedésének bemutatása forgalmazói adatok alapján
|c Pató-Horváth Nikoletta
|h [elektronikus dokumentum]
|
| 695 |
|
|
|a energiaital
|
| 695 |
|
|
|a Marketingstratégia
|
| 700 |
1 |
|
|a Jäckel Dr. Katalin
|e ths
|
| 856 |
4 |
0 |
|u http://dolgozattar.uni-bge.hu/2517/1/Pat%C3%B3-Horv%C3%A1th%20Nikolett%20-%20TLGK21-%20Szakdolgozat.pdf
|z Dokumentum-elérés
|